000 01325 a2200229 4500
020 _a0256102236
020 _a9780256102239
082 0 4 _a657.3
090 _c2375
_d2375
100 1 _aBernstein, Leopold A.
245 1 0 _aFinancial statement analysis :
_btheory, application, and interpretation /
_cLeopold A. Bernstein.
250 _a5th ed.
260 _a[S.l.] :
_bRichard D Irwin,
_c1992.
300 _a1075 p. ;
_c24 cm.
490 1 _aThe irwin series in undergraduate accounting.
500 _aHardcover.
520 _aThe sixth edition of FINANCIAL STATEMENT ANALYSIS has been completely revised by new co-author John Wild. The three goals of this revision are: 1. Make financial statement analysis relevant to students; 2. Encourage students to think in an evaluative manner; 3. Make the material accessible and interesting to students. The text has been streamlined from twenty-three chapters to a very manageable thirteen chapters. The new design highlights the currency, enhanced pedagogy, and accessibility for students.
830 4 _aThe irwin series in undergraduate accounting.
856 4 0 _3Amazon.com
_uhttp://www.amazon.com/exec/obidos/ASIN/0256102236/chopaconline-20
856 4 0 _3Amazon customer reviews
_uhttp://www.chopac.org/cgi-bin/tools/azrev.pl?q=0256102236
942 _aNBS
_cBK
_k657.3 BER
999 _c344873
_d344873